Política e ideología en la teoría marxista. Capitalismo, fascismo, populismo

Guardat en:
Dades bibliogràfiques
Autor principal: Laclau, Ernesto
Format: Text
Publicat: Barcelona: Siglo Veintiuno
Etiquetes: Afegir etiqueta
Sense etiquetes, Sigues el primer a etiquetar aquest registre!

MARC

LEADER 00000 a a2200000 04500
001 24911
003
040
020 |a 84-323-0315-1  
090 |a 175600  
100 |a Laclau, Ernesto  
245 |a Política e ideología en la teoría marxista. Capitalismo, fascismo, populismo  
260 |a Barcelona:   |b Siglo Veintiuno  
300 |a 233 p.  
999 |c 5819  |d 5819